[Event "Ontario-ch 1980-81"]
[Site "Toronto CAN"]
[Date "1981.01.02"]
[Round "7"]
[White "Murray, Peter"]
[Black "Ross, Dave"]
[Result "1/2-1/2"]
[WhiteElo "2298"]
[BlackElo "2133"]
[PlyCount "146"]
[GameId "2160767912911537"]
[EventDate "1980.12.26"]
[EventType "tourn"]
[EventRounds "9"]
[EventCountry "CAN"]
[SourceTitle "EXT 97"]
[Source "ChessBase"]
[SourceDate "1997.11.17"]
[SourceVersion "1"]
[SourceVersionDate "1997.11.17"]
[SourceQuality "1"]

1. c4 Nf6 2. Nc3 g6 3. g3 Bg7 4. Bg2 O-O 5. d4 d6 6. Nf3 Nbd7 7. O-O e5 8. e4 c6 9. h3 Qb6 10. d5 Nc5 11. Re1 cxd5 12. cxd5 a5 13. Bf1 Bd7 14. Nd2 a4 15. Rb1 Qb4 16. Nc4 a3 17. Nxd6 Nh5 18. Nc4 Bxh3 19. Be2 b5 20. Nd6 Rfd8 21. Bxh5 Rxd6 22. Bf3 Ne6 23. Qd3 Nd4 24. bxa3 Qc5 25. Bg2 Bxg2 26. Kxg2 Rf6 27. Be3 Rxa3 28. Rb3 Rxb3 29. axb3 Qb4 30. Rb1 Rb6 31. Na2 Qa3 32. Rc1 Rb8 33. Qb1 Qxb3 34. Qxb3 Nxb3 35. Rb1 Nd4 36. Nb4 Rb7 37. Nc6 Nc2 38. Bd2 Bf8 39. Rb2 Nd4 40. Ra2 Nxc6 41. dxc6 Rc7 42. Ra8 Kg7 43. Ra6 b4 44. Kf1 Kf6 45. Ke2 Ke6 46. Kd3 Bc5 47. Kc4 Bxf2 48. Bxb4 f5 49. Ba5 Rc8 50. c7+ Kd7 51. Kd5 Rxc7 52. Bxc7 Kxc7 53. Ra3 fxe4 54. Kxe4 Kd6 55. Rf3 Be1 56. Re3 Bf2 57. Rf3 Be1 58. g4 Ke6 59. Rf8 Bg3 60. Rh8 Kf6 61. Rxh7 Kg5 62. Rg7 Bf4 63. Kf3 Bc1 64. Re7 Bf4 65. Re6 Bh2 66. Kg2 Bf4 67. Kh3 Kh6 68. Ra6 Kg5 69. Re6 Kh6 70. Kh4 Bg5+ 71. Kg3 Bf4+ 72. Kf3 Kg5 73. Rc6 Bh2 1/2-1/2

[Event "Ontario-ch 1980-81"]
[Site "Toronto CAN"]
[Date "1981.01.03"]
[Round "8"]
[White "Vranesic, Zvonko"]
[Black "Ross, Dave"]
[Result "1-0"]
[WhiteElo "2306"]
[BlackElo "2133"]
[PlyCount "147"]
[GameId "2160767912911542"]
[EventDate "1980.12.26"]
[EventType "tourn"]
[EventRounds "9"]
[EventCountry "CAN"]
[SourceTitle "EXT 97"]
[Source "ChessBase"]
[SourceDate "1997.11.17"]
[SourceVersion "1"]
[SourceVersionDate "1997.11.17"]
[SourceQuality "1"]

1. d4 Nf6 2. c4 c5 3. Nf3 g6 4. Nc3 Bg7 5. e4 cxd4 6. Nxd4 d6 7. Be2 O-O 8. Be3 Nc6 9. f3 e6 10. Qd2 d5 11. Nxc6 bxc6 12. Rd1 Qe7 13. exd5 exd5 14. O-O Be6 15. Na4 Rfd8 16. Bc5 Qc7 17. Qc1 Nh5 18. f4 Nf6 19. Bd4 Qa5 20. b3 Ne8 21. Bxg7 Nxg7 22. cxd5 cxd5 23. Qd2 Qxd2 24. Rxd2 Rac8 25. g4 a5 26. Rfd1 Ne8 27. Bf3 Nc7 28. f5 gxf5 29. gxf5 Bxf5 30. Nb6 Rb8 31. Nxd5 Nxd5 32. Rxd5 Rxd5 33. Rxd5 Be6 34. Rxa5 Kg7 35. Rc5 Rd8 36. Rc2 Kf6 37. Kf2 Ke5 38. Rb2 Kf4 39. Be2 Rg8 40. Bf3 Rd8 41. Ke2 Re8 42. Kf2 Rd8 43. Re2 Bf5 44. b4 Rd3 45. Bg2 Rd4 46. Rb2 Bd7 47. Bf1 Ke5 48. b5 Rh4 49. Ke1 Re4+ 50. Kd2 Ra4 51. Bg2 Rh4 52. Kc3 Rxh2 53. b6 Bc8 54. a4 Rh4 55. Ra2 Kd6 56. b7 Bxb7 57. Bxb7 Kc7 58. Bd5 Kb6 59. Bxf7 Ka5 60. Be8 Re4 61. Bb5 h5 62. Rf2 Re5 63. Rf6 Re3+ 64. Kd4 Re7 65. Rh6 Re1 66. Rxh5 Rd1+ 67. Kc3 Rc1+ 68. Kb3 Rb1+ 69. Kc2 Rg1 70. Be8+ Ka6 71. Bd7 Rg2+ 72. Kb3 Rg7 73. Bc8+ Ka7 74. Kb4 1-0

[Event "Ontario-ch 1980-81"]
[Site "Toronto CAN"]
[Date "1981.01.04"]
[Round "9"]
[White "Ross, Dave"]
[Black "Dzera, Victor"]
[Result "1/2-1/2"]
[WhiteElo "2133"]
[BlackElo "2200"]
[PlyCount "106"]
[GameId "2160767912911546"]
[EventDate "1980.12.26"]
[EventType "tourn"]
[EventRounds "9"]
[EventCountry "CAN"]
[SourceTitle "EXT 97"]
[Source "ChessBase"]
[SourceDate "1997.11.17"]
[SourceVersion "1"]
[SourceVersionDate "1997.11.17"]
[SourceQuality "1"]

1. d4 Nf6 2. c4 e6 3. Nf3 b6 4. g3 Bb7 5. Bg2 Bb4+ 6. Bd2 a5 7. O-O O-O 8. Nc3 d6 9. Qc2 Nbd7 10. d5 Bxc3 11. Bxc3 exd5 12. Nh4 Re8 13. Nf5 g6 14. Ne3 Ne4 15. cxd5 Nxc3 16. Qxc3 Ba6 17. Rfe1 f6 18. Nc2 Nc5 19. Nd4 Kf7 20. Rac1 Qd7 21. b3 Rac8 22. a3 h5 23. e4 h4 24. f4 Qg4 25. Re3 hxg3 26. hxg3 g5 27. fxg5 Qxg5 28. b4 axb4 29. axb4 Nd3 30. Rce1 Nxe1 31. Rxe1 Qe5 32. b5 Bb7 33. Bh3 Re7 34. Be6+ Kf8 35. Qe3 Rh7 36. Rf1 Ra8 37. Rf5 Ra3 38. Qf2 Rxg3+ 39. Kf1 Rh1+ 40. Ke2 Rh2 41. Rxe5 Rxf2+ 42. Kxf2 dxe5 43. Kxg3 exd4 44. Kf3 Ke7 45. Ke2 Kd6 46. Kd3 Ke5 47. Bh3 f5 48. Bxf5 Bxd5 49. exd5 Kxf5 50. Kxd4 Kf6 51. d6 cxd6 52. Kd5 Ke7 53. Kc6 d5 1/2-1/2

[Event "Ottawa op"]
[Site "Ottawa CAN"]
[Date "1980.??.??"]
[Round "?"]
[White "Ross, Dave"]
[Black "De Jesus, Ricardo"]
[Result "1/2-1/2"]
[WhiteElo "2133"]
[BlackElo "1876"]
[PlyCount "166"]
[GameId "2160767912911665"]
[EventDate "1980.10.11"]
[EventType "swiss"]
[EventRounds "6"]
[EventCountry "CAN"]
[SourceTitle "Matou #05"]

1. e4 e5 2. Nf3 Nc6 3. Bb5 a6 4. Ba4 b5 5. Bb3 Na5 6. O-O Nxb3 7. axb3 d6 8. d4 Bg4 9. dxe5 Bxf3 10. gxf3 dxe5 11. Qxd8+ Kxd8 12. Nc3 c6 13. Be3 Bd6 14. Bb6+ Ke7 15. Ra2 Nf6 16. Rfa1 Nd7 17. Be3 Nb8 18. Ne2 Bc7 19. b4 f6 20. f4 Rd8 21. Kf1 exf4 22. Nxf4 g5 23. Nd3 Bxh2 24. Ke2 Bd6 25. e5 Bc7 26. Rh1 Ke6 27. exf6 Kxf6 28. Rxh7 Rd7 29. Rh6+ Kf5 30. Rh5 Rg7 31. Ra1 Nd7 32. f4 Nf6 33. Rxg5+ Rxg5 34. fxg5 Ng4 35. Rf1+ Kg6 36. Nf4+ Bxf4 37. Bxf4 Re8+ 38. Kf3 Ne5+ 39. Kg3 Nf7 40. Ra1 Re2 41. c3 Nxg5 42. Rxa6 Re6 43. Kg4 Ne4 44. c4 Kf7 45. Kf5 Nd6+ 46. Bxd6 Rxd6 47. Ra7+ Ke8 48. cxb5 cxb5 49. Rb7 Rd2 50. Ke6 Kd8 51. Rxb5 Kc7 52. Ke5 Kc6 53. Rb8 Kc7 54. Rb5 Kc6 55. Rc5+ Kb6 56. b3 Rd3 57. Rc8 Kb7 58. Ke4 Rd1 59. Rc3 Kb6 60. Rd3 Re1+ 61. Kd4 Kb5 62. Kc3 Re5 63. Rd4 Re3+ 64. Kb2 Re1 65. Rh4 Rg1 66. Rf4 Rh1 67. Rf8 Kxb4 68. Rb8+ Kc5 69. Rd8 Kb4 70. Rd4+ Kb5 71. Kc3 Rc1+ 72. Kb2 Rh1 73. Rd2 Kb4 74. Rc2 Rh4 75. Rd2 Rg4 76. Kc2 Rh4 77. Rg2 Rf4 78. Kb2 Rh4 79. Ka2 Rf4 80. Rc2 Rg4 81. Kb2 Rh4 82. Rc8 Rh2+ 83. Rc2 Rh4 1/2-1/2

[Event "CAN-ch U20 1979-80"]
[Site "Saskatoon CAN"]
[Date "1979.12.??"]
[Round "?"]
[White "Ross, Dave"]
[Black "Pacey, Kevin"]
[Result "1/2-1/2"]
[WhiteElo "2063"]
[BlackElo "1981"]
[PlyCount "35"]
[GameId "2160767912912434"]
[EventDate "1979.12.26"]
[EventType "tourn"]
[EventRounds "11"]
[EventCountry "CAN"]
[SourceTitle "EXT 2022"]
[Source "ChessBase"]
[SourceDate "2021.10.06"]
[SourceVersion "1"]
[SourceVersionDate "2021.10.06"]
[SourceQuality "1"]

1. e4 e6 2. d3 c5 3. g3 d5 4. Nd2 Nc6 5. Ngf3 Bd6 6. Bg2 Nge7 7. O-O O-O 8. Re1 Rb8 9. Nf1 b5 10. h4 dxe4 11. dxe4 Bc7 12. Qe2 Nd4 13. Nxd4 cxd4 14. h5 e5 15. h6 g6 16. Nh2 Qd7 17. f4 f6 18. Bf3 1/2-1/2

[Event "CAN-ch U20 1979-80"]
[Site "Saskatoon CAN"]
[Date "1979.12.31"]
[Round "?"]
[White "Ross, Dave"]
[Black "Zissos, Andrew"]
[Result "1/2-1/2"]
[WhiteElo "2054"]
[BlackElo "1971"]
[PlyCount "36"]
[GameId "2160767912912442"]
[EventDate "1979.12.26"]
[EventType "tourn"]
[EventRounds "11"]
[EventCountry "CAN"]
[SourceTitle "EXT 2022"]
[Source "ChessBase"]
[SourceDate "2021.10.06"]
[SourceVersion "1"]
[SourceVersionDate "2021.10.06"]
[SourceQuality "1"]

1. e4 e6 2. h4 a5 3. d4 d5 4. e5 c5 5. c3 Nc6 6. Qg4 c4 7. h5 b5 8. h6 Nxh6 9. Bxh6 gxh6 10. Nh3 Bd7 11. Nf4 Qg5 12. Qf3 b4 13. Rh5 Qg7 14. Rh1 Qg5 15. Rh2 a4 16. a3 b3 17. Nd2 O-O-O 18. O-O-O Qf5 1/2-1/2

[Event "Summer Special"]
[Site "Toronto CAN"]
[Date "1979.08.11"]
[Round "8"]
[White "Pacey, Kevin"]
[Black "Ross, Dave"]
[Result "1/2-1/2"]
[WhiteElo "2033"]
[BlackElo "1916"]
[PlyCount "45"]
[GameId "2160767912912604"]
[EventDate "1979.08.04"]
[EventType "swiss"]
[EventRounds "9"]
[EventCountry "CAN"]
[SourceTitle "EXT 2022"]
[Source "ChessBase"]
[SourceDate "2021.10.06"]
[SourceVersion "1"]
[SourceVersionDate "2021.10.06"]
[SourceQuality "1"]

1. e4 c5 2. Nc3 Nc6 3. g3 g6 4. Bg2 Bg7 5. d3 d6 6. Bd2 Rb8 7. Qc1 b5 8. Nf3 b4 9. Ne2 Nd4 10. Nfxd4 cxd4 11. a3 a5 12. axb4 axb4 13. Ra4 b3 14. Nxd4 Bd7 15. Rc4 bxc2 16. Qxc2 e6 17. O-O Ne7 18. Bc3 e5 19. Ne2 Bb5 20. Rb4 Nc6 21. Rb3 Bxd3 22. Rxb8 Bxc2 23. Rxd8+ 1/2-1/2

[Event "CAN-op"]
[Site "Edmonton CAN"]
[Date "1979.07.08"]
[Round "2"]
[White "Ball, Stephen"]
[Black "Ross, Dave"]
[Result "1-0"]
[WhiteElo "2187"]
[BlackElo "1916"]
[PlyCount "89"]
[GameId "2160767912912680"]
[EventDate "1979.07.07"]
[EventType "swiss"]
[EventRounds "10"]
[EventCountry "CAN"]
[SourceTitle "FQE 05"]

1. d4 Nf6 2. c4 c5 3. e3 g6 4. Nc3 Bg7 5. Nf3 O-O 6. Be2 cxd4 7. exd4 d5 8. O-O Nc6 9. Bg5 dxc4 10. d5 Na5 11. Qd2 a6 12. Rad1 b5 13. Rfe1 b4 14. Bxf6 exf6 15. Na4 f5 16. Qxb4 Bd7 17. Nb6 Rb8 18. Qxa5 Qxb6 19. Qxb6 Rxb6 20. Bxc4 Rxb2 21. Re7 Ba4 22. Rde1 Bc3 23. Rc1 Bb4 24. Re2 Rxe2 25. Bxe2 Rd8 26. Bxa6 Rxd5 27. h4 Rd1+ 28. Rxd1 Bxd1 29. Ne5 Bc3 30. Nd7 Bd4 31. Bb5 f4 32. a4 Bc3 33. Kf1 f6 34. Bc4+ Kg7 35. Nc5 g5 36. Bb3 Bxb3 37. Nxb3 f3 38. a5 fxg2+ 39. Kxg2 Be5 40. a6 Bb8 41. Na5 Bc7 42. a7 Bxa5 43. a8=Q Bd2 44. Qb7+ Kh6 45. Qb2 1-0

[Event "CAN-op"]
[Site "Edmonton CAN"]
[Date "1979.07.12"]
[Round "7"]
[White "Campbell, Murray"]
[Black "Ross, Dave"]
[Result "1/2-1/2"]
[WhiteElo "2056"]
[BlackElo "1916"]
[PlyCount "56"]
[GameId "2160767912912712"]
[EventDate "1979.07.07"]
[EventType "swiss"]
[EventRounds "10"]
[EventCountry "CAN"]
[SourceTitle "FQE 05"]

1. e4 c5 2. d4 cxd4 3. c3 g6 4. cxd4 d5 5. exd5 Nf6 6. Nc3 Nxd5 7. Bc4 Nb6 8. Bb3 Bg7 9. Be3 O-O 10. Nf3 Nc6 11. h3 Na5 12. Bc2 Nac4 13. Bc1 Nd6 14. O-O Bf5 15. Bb3 Ne4 16. Re1 Nxc3 17. bxc3 Rc8 18. Bg5 Nd5 19. Qd2 Nf6 20. Nh4 Ne4 21. Rxe4 Bxe4 22. Re1 h6 23. Bxh6 Bd5 24. Bxg7 Kxg7 25. Nf5+ gxf5 26. Qg5+ Kh8 27. Qh6+ Kg8 28. Re3 Rc6 1/2-1/2

[Event "CAN-op"]
[Site "Edmonton CAN"]
[Date "1979.07.15"]
[Round "9"]
[White "Evans, Chris"]
[Black "Ross, Dave"]
[Result "0-1"]
[WhiteElo "2135"]
[BlackElo "1916"]
[PlyCount "82"]
[GameId "2160767912912728"]
[EventDate "1979.07.07"]
[EventType "swiss"]
[EventRounds "10"]
[EventCountry "CAN"]
[SourceTitle "FQE 05"]

1. e4 c5 2. Nf3 Nc6 3. d4 cxd4 4. Nxd4 Nf6 5. Nc3 e5 6. Ndb5 d6 7. Bg5 a6 8. Na3 b5 9. Nd5 Be7 10. Nxe7 Nxe7 11. Qf3 Bg4 12. Qg3 Qd7 13. Bxf6 gxf6 14. c4 b4 15. Nc2 Rg8 16. Qd3 Nc6 17. f3 Be6 18. Rd1 Ke7 19. Qd2 a5 20. h3 Rg7 21. Qf2 Rag8 22. c5 d5 23. exd5 Bxd5 24. Ne3 Nd4 25. Ng4 Rxg4 26. hxg4 Bxa2 27. Bd3 Bb3 28. Rc1 Rc8 29. O-O Qa7 30. f4 Rxc5 31. fxe5 fxe5 32. Kh1 Rxc1 33. Qf6+ Kd7 34. Bf5+ Nxf5 35. Qxf5+ Be6 36. Qd3+ Qd4 37. Qxd4+ exd4 38. Rxc1 Kd6 39. g5 a4 40. Re1 Bb3 41. Kg1 d3 0-1

[Event "CAN-op"]
[Site "Edmonton CAN"]
[Date "1979.07.15"]
[Round "10"]
[White "Ross, Dave"]
[Black "Fullbrook, Nigel"]
[Result "1/2-1/2"]
[WhiteElo "1916"]
[BlackElo "2036"]
[PlyCount "88"]
[GameId "2160767912912731"]
[EventDate "1979.07.07"]
[EventType "swiss"]
[EventRounds "10"]
[EventCountry "CAN"]
[SourceTitle "FQE 05"]

1. g3 e5 2. Bg2 d5 3. c4 Nf6 4. cxd5 Nxd5 5. Nc3 Be6 6. Nf3 Nc6 7. O-O Be7 8. d4 exd4 9. Nxd4 Nxd4 10. Qxd4 Bf6 11. Qa4+ c6 12. Nxd5 Bxd5 13. Rd1 b5 14. Qc2 Qc8 15. e4 Bc4 16. e5 Be7 17. b3 Bd5 18. Bxd5 cxd5 19. Qxc8+ Rxc8 20. Rxd5 a6 21. Be3 O-O 22. a4 bxa4 23. Rxa4 Rc6 24. Rd7 Re6 25. f4 f6 26. Rxe7 Rxe7 27. Bc5 Re6 28. Bxf8 Kxf8 29. Re4 fxe5 30. fxe5 Rb6 31. b4 Ke7 32. Kf2 a5 33. bxa5 Ra6 34. Kf3 Rxa5 35. Kf4 Ke6 36. Rb4 Ra6 37. h4 g6 38. h5 gxh5 39. Rd4 h6 40. Rd6+ Rxd6 41. exd6 Kxd6 42. Kf5 Ke7 43. Kg6 h4 44. gxh4 Kf8 1/2-1/2

[Event "Ottawa Closed"]
[Site "Ottawa CAN"]
[Date "1979.??.??"]
[Round "?"]
[White "Inkol, Robert"]
[Black "Ross, Dave"]
[Result "1-0"]
[WhiteElo "1900"]
[BlackElo "1900"]
[PlyCount "79"]
[GameId "2160767912912981"]
[EventDate "1979.02.18"]
[EventType "tourn"]
[EventRounds "10"]
[EventCountry "CAN"]
[SourceTitle "CFC 1979.09"]

1. e4 c5 2. Nf3 Nc6 3. d4 cxd4 4. Nxd4 Nf6 5. Nc3 e5 6. Ndb5 d6 7. Nd5 Nxd5 8. exd5 Nb8 9. c4 a6 10. Nc3 Bf5 11. g4 Bg6 12. h4 h6 13. Bd3 Bxd3 14. Qxd3 Nd7 15. Be3 Be7 16. O-O-O Qc7 17. g5 Rc8 18. g6 f6 19. Qf5 Nf8 20. c5 Qd7 21. Qd3 f5 22. f4 e4 23. Nxe4 fxe4 24. Qxe4 Kd8 25. c6 bxc6 26. Bb6+ Ke8 27. Kb1 cxd5 28. Qxd5 Qe6 29. Qb7 Nxg6 30. Rde1 Qf5+ 31. Ka1 h5 32. Rhg1 Qc2 33. Bd4 Rc7 34. Qd5 Qd2 35. Qe4 Nf8 36. Bc3 Qf2 37. Rxg7 Rh7 38. Qxe7+ Rxe7 39. Rexe7+ Kd8 40. Ba5+ 1-0

[Event "Toronto Closed"]
[Site "Toronto CAN"]
[Date "1979.??.??"]
[Round "?"]
[White "Day, Lawrence"]
[Black "Ross, Dave"]
[Result "1-0"]
[WhiteElo "2400"]
[BlackElo "2360"]
[PlyCount "95"]
[GameId "2160767912912994"]
[EventDate "1979.01.29"]
[EventType "tourn"]
[EventRounds "11"]
[EventCountry "CAN"]

1. e4 c5 2. f4 g6 3. d3 Bg7 4. c3 Nc6 5. Be3 d6 6. Be2 Rb8 7. a4 a6 8. Nf3 Nf6 9. Nbd2 O-O 10. h3 b5 11. axb5 axb5 12. d4 cxd4 13. cxd4 d5 14. e5 Ne8 15. g4 Nc7 16. Nb3 f6 17. Rc1 Rb6 18. O-O f5 19. Ne1 e6 20. Rf2 Rf7 21. Nd3 Bf8 22. Bf1 Na6 23. Rfc2 Na7 24. Bd2 b4 25. Qe1 Rb8 26. Qg3 Rg7 27. Ne1 Qb6 28. Qd3 Bb7 29. Ra1 Nc7 30. Be3 Ncb5 31. Bf2 Rc8 32. Ra5 Rc4 33. Ra1 Rgc7 34. Kh2 Rxc2 35. Nxc2 Nc3 36. Bh4 Rc8 37. gxf5 exf5 38. bxc3 Rxc3 39. Qe2 Rxb3 40. e6 Rb2 41. e7 Bxe7 42. Bxe7 b3 43. Bc5 Qc6 44. Bg2 Rxc2 45. Qe7 Rxc5 46. dxc5 Nb5 47. Qd8+ Kf7 48. Re1 1-0

[Event "CAN-ch U20 1978-79"]
[Site "Calgary CAN"]
[Date "1978.12.28"]
[Round "3"]
[White "Pineault, Denis"]
[Black "Ross, Dave"]
[Result "0-1"]
[WhiteElo "1849"]
[BlackElo "1969"]
[PlyCount "54"]
[GameId "2160767912913130"]
[EventDate "1978.12.26"]
[EventType "tourn"]
[EventRounds "11"]
[EventCountry "CAN"]
[SourceTitle "EXT 2022"]
[Source "ChessBase"]
[SourceDate "2021.10.06"]
[SourceVersion "1"]
[SourceVersionDate "2021.10.06"]
[SourceQuality "1"]

1. e4 c5 2. Nf3 Nc6 3. d4 cxd4 4. Nxd4 Nf6 5. Nc3 e5 6. Ndb5 d6 7. Bg5 a6 8. Bxf6 gxf6 9. Na3 f5 10. Bc4 Qg5 11. g3 Nd4 12. Nd5 fxe4 13. Nc7+ Kd8 14. h4 Qg6 15. Nxa8 Bg4 16. Bxf7 Qf5 17. Qc1 Nf3+ 18. Kf1 Bh3+ 19. Ke2 Nd4+ 20. Ke1 Qf3 21. Qe3 Qxh1+ 22. Kd2 Qxa1 23. Qc3 Nf3+ 24. Ke2 Bf1+ 25. Ke3 Bh6+ 26. Kxe4 Qe1+ 27. Qxe1 Nxe1 0-1

[Event "CAN-ch U20 1978-79"]
[Site "Calgary CAN"]
[Date "1978.12.29"]
[Round "4"]
[White "Ross, Dave"]
[Black "Brown, Alan M"]
[Result "1/2-1/2"]
[WhiteElo "1959"]
[BlackElo "1963"]
[PlyCount "102"]
[GameId "2160767912913135"]
[EventDate "1978.12.26"]
[EventType "tourn"]
[EventRounds "11"]
[EventCountry "CAN"]
[SourceTitle "EXT 2022"]
[Source "ChessBase"]
[SourceDate "2021.10.06"]
[SourceVersion "1"]
[SourceVersionDate "2021.10.06"]
[SourceQuality "1"]

1. c4 e5 2. Nc3 Nc6 3. g3 d6 4. Bg2 h5 5. h4 Nd4 6. d3 c6 7. Rb1 a5 8. a3 g6 9. Bg5 f6 10. Bd2 Bh6 11. b4 axb4 12. axb4 Bxd2+ 13. Qxd2 Ne7 14. e3 Ne6 15. Nge2 O-O 16. O-O d5 17. cxd5 cxd5 18. d4 e4 19. Ra1 Rxa1 20. Rxa1 g5 21. f3 f5 22. hxg5 Nxg5 23. fxe4 fxe4 24. Nf4 Ne6 25. Ra5 Nxf4 26. gxf4 Rf7 27. Qf2 Qd6 28. Ra8 Rg7 29. Kh2 Kf7 30. Qh4 Qg6 31. Qf2 Qf5 32. Ra5 Qe6 33. Qh4 Qg6 34. Qg5 Qc6 35. Qxh5+ Kg8 36. Rc5 Bg4 37. Rxc6 Bxh5 38. Rh6 Bg6 39. Bh3 Bf5 40. Bxf5 Nxf5 41. Rh3 Rd7 42. Kg2 Kf7 43. Rh7+ Ke6 44. Rxd7 Kxd7 45. Kf2 Kc6 46. b5+ Kd6 47. Na4 Kc7 48. Nc3 Kd6 49. Nb1 Kc7 50. Nc3 Kd6 51. Ne2 Ke6 1/2-1/2

[Event "CAN-ch U20 1978-79"]
[Site "Calgary CAN"]
[Date "1978.12.30"]
[Round "5"]
[White "Hawkes, Rob"]
[Black "Ross, Dave"]
[Result "1-0"]
[WhiteElo "1740"]
[BlackElo "1969"]
[PlyCount "49"]
[GameId "2160767912913140"]
[EventDate "1978.12.26"]
[EventType "tourn"]
[EventRounds "11"]
[EventCountry "CAN"]
[SourceTitle "EXT 2022"]
[Source "ChessBase"]
[SourceDate "2021.10.06"]
[SourceVersion "1"]
[SourceVersionDate "2021.10.06"]
[SourceQuality "1"]

1. g3 g6 2. Bg2 Bg7 3. e4 d6 4. Ne2 c5 5. O-O Nc6 6. c3 e5 7. Na3 Nge7 8. Nc2 O-O 9. d4 Qc7 10. Be3 b6 11. f4 exd4 12. cxd4 f5 13. e5 dxe5 14. fxe5 Rd8 15. Qd3 Nxe5 16. Qb3+ c4 17. Qc3 N5c6 18. Qxc4+ Kh8 19. d5 a5 20. Bf4 Be5 21. dxc6 Ba6 22. Qe6 Bxf4 23. Qf6+ Kg8 24. Nxf4 Rd6 25. Ne6 1-0

[Event "CAN-ch U20 1978-79"]
[Site "Calgary CAN"]
[Date "1978.12.31"]
[Round "6"]
[White "Ross, Dave"]
[Black "Leveille, Francois"]
[Result "1-0"]
[WhiteElo "1969"]
[BlackElo "1822"]
[PlyCount "81"]
[GameId "2160767912913148"]
[EventDate "1978.12.26"]
[EventType "tourn"]
[EventRounds "11"]
[EventCountry "CAN"]
[SourceTitle "EXT 2022"]
[Source "ChessBase"]
[SourceDate "2021.10.06"]
[SourceVersion "1"]
[SourceVersionDate "2021.10.06"]
[SourceQuality "1"]

1. c4 Nf6 2. Nc3 d6 3. g3 e5 4. Bg2 Be7 5. d3 Nbd7 6. e4 c6 7. Nge2 h5 8. h3 Nf8 9. Be3 h4 10. g4 Be6 11. f4 N6h7 12. O-O exf4 13. Nxf4 Bf6 14. Qd2 c5 15. Ncd5 Be5 16. Rab1 a5 17. a3 Bxd5 18. Nxd5 Ne6 19. b4 axb4 20. axb4 b6 21. bxc5 bxc5 22. Rb7 Nf6 23. Re7+ Kf8 24. g5 Nxd5 25. Rfxf7+ Kg8 26. exd5 Ra1+ 27. Kf2 Nd4 28. Bf4 Nb3 29. Qe2 Nd4 30. Bxe5 Nxe2 31. Rxg7+ Kf8 32. Rgf7+ Kg8 33. Bxa1 Nd4 34. Be4 Qa5 35. Bxd4 Qd2+ 36. Kf3 cxd4 37. Kg4 Qb2 38. Kf5 Qb8 39. Kg6 Qc8 40. Bf5 Qb8 41. Be6 1-0

[Event "CAN-ch U20 1978-79"]
[Site "Calgary CAN"]
[Date "1979.01.03"]
[Round "8"]
[White "Pacey, Kevin"]
[Black "Ross, Dave"]
[Result "0-1"]
[WhiteElo "2063"]
[BlackElo "1969"]
[PlyCount "76"]
[GameId "2160767912913159"]
[EventDate "1978.12.26"]
[EventType "tourn"]
[EventRounds "11"]
[EventCountry "CAN"]
[SourceTitle "EXT 2022"]
[Source "ChessBase"]
[SourceDate "2021.10.06"]
[SourceVersion "1"]
[SourceVersionDate "2021.10.06"]
[SourceQuality "1"]

1. Nf3 g6 2. e4 d6 3. Bc4 Bg7 4. O-O Nf6 5. Qe2 O-O 6. Bb3 e5 7. c3 Nc6 8. d4 Bg4 9. d5 Ne7 10. Bd1 Nd7 11. Qc2 Bxf3 12. Bxf3 f5 13. exf5 gxf5 14. Bg5 Nf6 15. c4 Qe8 16. Be2 Qg6 17. f4 e4 18. Nc3 a6 19. Nd1 Rfe8 20. Ne3 c5 21. dxc6 bxc6 22. Rad1 h6 23. Bh4 Rad8 24. Qb3 Rb8 25. Qa3 Red8 26. b3 Bf8 27. Qa5 h5 28. Bxf6 Qxf6 29. Bxh5 Bg7 30. g4 Qh4 31. Nxf5 Nxf5 32. Qxf5 Rb7 33. Qxe4 Re7 34. Qf3 c5 35. g5 Bd4+ 36. Kg2 Rh7 37. Qd5+ Kh8 38. Rxd4 Rxh5 0-1

[Event "CAN-ch U20 1978-79"]
[Site "Calgary CAN"]
[Date "1979.01.04"]
[Round "9"]
[White "Ross, Dave"]
[Black "Morgan, Scott"]
[Result "0-1"]
[WhiteElo "1969"]
[BlackElo "1821"]
[PlyCount "78"]
[GameId "2160767912913165"]
[EventDate "1978.12.26"]
[EventType "tourn"]
[EventRounds "11"]
[EventCountry "CAN"]
[SourceTitle "EXT 2022"]
[Source "ChessBase"]
[SourceDate "2021.10.06"]
[SourceVersion "1"]
[SourceVersionDate "2021.10.06"]
[SourceQuality "1"]

1. g3 Nf6 2. f4 g6 3. Nf3 Bg7 4. Bg2 c5 5. d3 d5 6. O-O O-O 7. Nc3 d4 8. Ne4 Qc7 9. e3 Nd5 10. exd4 cxd4 11. Qe2 Nc6 12. a3 Rd8 13. Nh4 h6 14. f5 g5 15. f6 exf6 16. Nf5 Bxf5 17. Rxf5 Nce7 18. Rf2 f5 19. c4 dxc3 20. Nxc3 Nxc3 21. bxc3 Bxc3 22. Bb2 Bxb2 23. Qxb2 Rxd3 24. Rc1 Qd6 25. Qxb7 Rd8 26. Rc7 Rd7 27. Qb8+ Kh7 28. Rxd7 Qxd7 29. Qb4 Qd6 30. Qc4 Rd1+ 31. Bf1 Kg6 32. g4 f4 33. a4 f5 34. Re2 Qb6+ 35. Rf2 Rd2 36. gxf5+ Nxf5 37. Be2 f3 38. Qg8+ Ng7 39. a5 Qd4 0-1

[Event "CAN-ch U20 1978-79"]
[Site "Calgary CAN"]
[Date "1979.01.05"]
[Round "10"]
[White "Pajak, John"]
[Black "Ross, Dave"]
[Result "0-1"]
[WhiteElo "2103"]
[BlackElo "1969"]
[PlyCount "62"]
[GameId "2160767912913171"]
[EventDate "1978.12.26"]
[EventType "tourn"]
[EventRounds "11"]
[EventCountry "CAN"]
[SourceTitle "EXT 2022"]
[Source "ChessBase"]
[SourceDate "2021.10.06"]
[SourceVersion "1"]
[SourceVersionDate "2021.10.06"]
[SourceQuality "1"]

1. d4 Nf6 2. c4 g6 3. Nc3 Bg7 4. e4 O-O 5. Be3 d6 6. f3 c6 7. Qd2 a6 8. O-O-O b5 9. g4 Qa5 10. Kb1 Nbd7 11. h4 Rb8 12. h5 b4 13. Nce2 Nb6 14. Ng3 Na4 15. b3 Nc3+ 16. Ka1 Nxd1 17. Qxd1 c5 18. Kb1 Qc7 19. d5 a5 20. Bd3 a4 21. bxa4 Bd7 22. g5 Ne8 23. Qd2 Qa5 24. hxg6 fxg6 25. Qh2 h6 26. gxh6 b3 27. hxg7 bxa2+ 28. Ka1 Qc3+ 29. Kxa2 Qb3+ 30. Ka1 Qa3+ 31. Qa2 Qc3+ 0-1

[Event "CAN-ch U20 1978-79"]
[Site "Calgary CAN"]
[Date "1979.01.06"]
[Round "11"]
[White "Ross, Dave"]
[Black "Findlay, Ian"]
[Result "1/2-1/2"]
[WhiteElo "1969"]
[BlackElo "1950"]
[PlyCount "92"]
[GameId "2160767912913175"]
[EventDate "1978.12.26"]
[EventType "tourn"]
[EventRounds "11"]
[EventCountry "CAN"]
[SourceTitle "EXT 2022"]
[Source "ChessBase"]
[SourceDate "2021.10.06"]
[SourceVersion "1"]
[SourceVersionDate "2021.10.06"]
[SourceQuality "1"]

1. g3 g6 2. Bg2 Bg7 3. Nf3 c5 4. c4 Nc6 5. Nc3 e6 6. b3 Nge7 7. Bb2 d5 8. Na4 Bxb2 9. Nxb2 d4 10. O-O e5 11. d3 O-O 12. a3 h6 13. b4 cxb4 14. axb4 Qc7 15. b5 Nd8 16. Qb3 a6 17. Rfb1 Ne6 18. Na4 Bd7 19. bxa6 Rxa6 20. Qb4 Nc6 21. Qe1 Rfa8 22. Nb2 Ra2 23. Rxa2 Rxa2 24. Qc1 Qa5 25. Bf1 Kg7 26. Nd1 Qa4 27. Rxb7 Nc5 28. Rb5 Nb4 29. Rxc5 Ra1 30. Nb2 Qa2 31. Qd2 Bh3 32. Nd1 Qb3 33. Bxh3 Rxd1+ 34. Bf1 Rxd2 35. Nxd2 Qd1 36. Nf3 f6 37. Rc7+ Kf8 38. Nh4 g5 39. Nf5 e4 40. dxe4 d3 41. exd3 Nc2 42. Ne3 Nxe3 43. fxe3 Qe1 44. Rd7 Qxe3+ 45. Kg2 g4 46. Rh7 Qf3+ 1/2-1/2